Tres estudios sobre marinería nacional y extranjera en el Chile del siglo XIX
Gorde:
| Egile nagusia: | |
|---|---|
| Formatua: | Liburua |
| Hizkuntza: | gaztelania |
| Argitaratua: |
Valparaíso
Universidad de Playa Ancha
2002
|
| Edizioa: | 1a. ed |
| Gaiak: | |
| Etiketak: |
Etiketa erantsi
Etiketarik gabe, Izan zaitez lehena erregistro honi etiketa jartzen!
|
MARC
| LEADER | 00000nam a2200000 a 4500 | ||
|---|---|---|---|
| 001 | UCH3040 | ||
| 003 | CL-VaPUC | ||
| 008 | 090709e20020000CL |||||||||||||||||spa|d | ||
| 020 | |a 9567906645 | ||
| 082 | 0 | 4 | |a 907.2 |b HAR |2 21 |
| 100 | |a Harris Bucher, Gilberto |e author |9 777799 | ||
| 245 | 1 | 0 | |a Tres estudios sobre marinería nacional y extranjera en el Chile del siglo XIX |
| 250 | |a 1a. ed | ||
| 300 | |a 89 p | ||
| 942 | |c BK | ||
| 945 | |d 20090709 00:00:00 |a dcastane | ||
| 260 | |a Valparaíso |b Universidad de Playa Ancha |c 2002 | ||
| 650 | 0 | |a Historia de Chile |9 322385 | |
| 650 | 0 | |a Historiografía |9 257871 | |
| 650 | 7 | |a MARINERIA |2 CL-VaPUC |9 538198 | |
| 583 | |a last modification |c 20160829 04:43:16 |k Rodrigo Vera | ||
| 999 | |c 334697 |d 334695 | ||
| 952 | |0 0 |1 0 |4 0 |6 907_200000000000000_HAR_2002 |7 0 |8 X |9 423830 |a FDOBUD |b FDOBUD |d 2019-11-22 |i 4556763 |o 907.2 HAR 2002 |p 4556763 |r 2019-11-22 |w 2019-11-22 |y BK_X |k BUD | ||